| 000 | 00548nam a2200205Ia 4500 | ||
|---|---|---|---|
| 005 | 20260429111950.0 | ||
| 008 | 260429s9999||||xx |||||||||||||| ||und|| | ||
| 020 | _a9780443122989 | ||
| 041 | _aEnglish | ||
| 082 |
_a571.96 _bTUR |
||
| 100 | _aTurgeon, Mary Louise | ||
| 245 | 0 |
_aImmunology and serology in laboratory medicine / _cMary Louise Turgeon |
|
| 250 | _a8th ed. | ||
| 260 |
_aUnited States : _bElsevier, _c2026. |
||
| 300 | _axiv, 573 p.; pbk | ||
| 650 | _a Immunology | ||
| 650 | _a Serology | ||
| 650 | _aBiology | ||
| 942 | _cTB | ||
| 999 |
_c51660 _d51660 |
||